000 00855cam a22002414a 4500
001 12407299
005 20180216033353.0
008 010514s2001 cau b 001 0 eng
010 _a 2001035804
020 _a0941188264
040 _aDLC
_cDLC
_dDLC
041 _aeng
042 _apcc
080 _a778.5344 SON
082 0 0 _a778.5344 SON
_221
100 1 _a45
101 _aMUZ
245 1 0 _aSound design :
_cby David Sonnenschein.
504 _aIncludes bibliographical references (p. 227-231) and index.
906 _a7
_bcbc
_corignew
_d1
_eocip
_f20
_gy-gencatlg
942 _2ddc
_cBK
999 _c42727
_d42727